Statistics for Asian Countries In Italian

Click here to take the quiz!

General Stats

  • This quiz has been taken 273 times
  • The average score is 18 of 20

Answer Stats

Italian Name English Name % Correct
CinaChina
99%
IsraeleIsrael
98%
CambogiaCambodia
98%
FilippinePhilippines
96%
ThailandiaThailand
96%
Arabia SauditaSaudi Arabia
96%
Corea del NordNorth Korea
96%
CiproCyprus
95%
Corea del SudSouth Korea
95%
SiriaSyria
95%
TurchiaTurkey
94%
GiordaniaJordan
93%
Timor EstEast Timor
93%
GiapponeJapan
93%
Emirati Arabi UnitiUnited Arab Emirates
91%
LibanoLebanon
91%
MaldiveMaldives
91%
BirmaniaBurma
86%
TagikistanTajikistan
80%
KirghizistanKyrgyzstan
71%

Score Distribution

Percentile by Number Answered

Percent of People with Each Score

Your Score History

You have not taken this quiz